UBT Library

Insect pests of stored grain and grain products, (Record no. 41582)

000 -LEADER
fixed length control field 00673cam a22002291 4500
001 - CONTROL NUMBER
control field 8786674
005 - DATE AND TIME OF LATEST TRANSACTION
control field 20180202040042.0
008 - FIXED-LENGTH DATA ELEMENTS--GENERAL INFORMATION
fixed length control field 750925s1941 mnua b 000 0 eng
010 ## - LIBRARY OF CONGRESS CONTROL NUMBER
LC control number 41013626
035 ## - SYSTEM CONTROL NUMBER
System control number (OCoLC)1655772
040 ## - CATALOGING SOURCE
Original cataloging agency DLC
Transcribing agency FMU
Modifying agency OCoLC
-- DLC
041 ## - LANGUAGE CODE
Language code of text/sound track or separate title eng
042 ## - AUTHENTICATION CODE
Authentication code premarc
080 ## - UNIVERSAL DECIMAL CLASSIFICATION NUMBER
Universal Decimal Classification number 632.7 COT
082 ## - DEWEY DECIMAL CLASSIFICATION NUMBER
Classification number 632.7 COT
100 1# - Rafti
Rafti 11
101 ## - Shkurtesa
Shkurtesa BIO
245 10 - TITLE STATEMENT
Title Insect pests of stored grain and grain products,
Statement of responsibility, etc by Richard T. Cotton ...
504 ## - BIBLIOGRAPHY, ETC. NOTE
Bibliography, etc "References" at end of each chapter except one.
906 ## - LOCAL DATA ELEMENT F, LDF (RLIN)
a 7
b cbc
c oclcrpl
d u
e ncip
f 19
g y-gencatlg
942 ## - ADDED ENTRY ELEMENTS (KOHA)
Source of classification or shelving scheme
Item type Books
Holdings
Withdrawn status Lost status Source of classification or shelving scheme Damaged status Not for loan Collection code Permanent location Current location Shelving location Date acquired Total Checkouts Full call number Barcode Date last seen Price effective from Koha item type
          Koleksioni i përgjithshem UBT - Lipjan UBT - Lipjan Koleksioni i përgjithshem 02/02/2018   632.7 COT 002-2997484 02/02/2018 02/02/2018 Books
UBT Library © 2015-2024. All rights reserved University Education for Business and Technology